000 00499nam a2200157Ia 4500
008 100122s9999 xx 000 0 und d
082 _b46240
_a823
100 _aअभ्यंकर कुसुम
245 _aमी हरले ती जिंकली
250 _a1
260 _bशशीदिप प्रकाशन
_c1987
300 _a178
630 _aमी हरले ती जिंकली
730 _aमी हरले ती जिंकली
942 _cBOOK
999 _c425447
_d425444